[Event "ODJM B 2024"]
[Site "Willingen GER"]
[Date "2024.05.25"]
[Round "9"]
[White "Fischer, Quirin"]
[Black "Grunert, Greta"]
[Result "1/2-1/2"]
[Termination "normal"]
[Board "50"]
[WhiteElo "1636"]
[BlackElo "1590"]
[WhiteClock "01:01:15"]
[BlackClock "00:02:32"]
[PlyCount "78"]
[WhiteFideId "34623787"]
[BlackFideId "16258649"]
[EventCountry "GER"]
[EventRounds "9"]
[EventType "swiss"]
[EventDate "2024.05.18"]

1. c4 {[%clk 01:30:55]} {[%emt 00:00:04]} e5 {[%clk 01:30:49]} {[%emt
00:00:12]} 2. Nc3 {[%clk 01:31:02]} {[%emt 00:00:23]} Nf6 {[%clk 01:31:00]}
{[%emt 00:00:19]} 3. d3 {[%clk 01:30:49]} {[%emt 00:00:42]} d5 {[%clk
01:30:35]} {[%emt 00:00:55]} 4. cxd5 {[%clk 01:31:04]} {[%emt 00:00:15]} Nxd5
{[%clk 01:30:58]} {[%emt 00:00:07]} 5. Nf3 {[%clk 01:30:49]} {[%emt 00:00:46]}
Nc6 {[%clk 01:30:16]} {[%emt 00:01:12]} 6. g3 {[%clk 01:30:58]} {[%emt
00:00:21]} h6 {[%clk 01:28:18]} {[%emt 00:02:28]} 7. Bg2 {[%clk 01:31:05]}
{[%emt 00:00:24]} Nf6 {[%clk 01:20:48]} {[%emt 00:07:59]} 8. O-O {[%clk
01:31:08]} {[%emt 00:00:27]} Bd6 {[%clk 01:20:01]} {[%emt 00:01:17]} 9. b3
{[%clk 01:29:35]} {[%emt 00:02:03]} Be6 {[%clk 01:19:08]} {[%emt 00:01:20]} 10.
Bb2 {[%clk 01:28:38]} {[%emt 00:01:30]} Qd7 {[%clk 01:16:55]} {[%emt 00:02:43]}
11. Rc1 {[%clk 01:25:32]} {[%emt 00:03:36]} Bh3 {[%clk 01:14:05]} {[%emt
00:03:20]} 12. Nd2 {[%clk 01:23:22]} {[%emt 00:02:40]} g5 {[%clk 01:09:47]}
{[%emt 00:04:48]} 13. Nde4 {[%clk 01:23:33]} {[%emt 00:00:19]} Nxe4 {[%clk
01:09:11]} {[%emt 00:01:06]} 14. Nxe4 {[%clk 01:23:58]} {[%emt 00:00:05]} O-O-O
{[%clk 01:06:43]} {[%emt 00:02:58]} 15. d4 {[%clk 01:23:27]} {[%emt 00:01:02]}
Bxg2 {[%clk 01:05:58]} {[%emt 00:01:13]} 16. Kxg2 {[%clk 01:23:22]} {[%emt
00:00:35]} Kb8 {[%clk 00:54:52]} {[%emt 00:11:36]} 17. Nxd6 {[%clk 01:22:14]}
{[%emt 00:01:38]} cxd6 {[%clk 00:54:36]} {[%emt 00:00:46]} 18. dxe5 {[%clk
01:21:37]} {[%emt 00:01:08]} Nxe5 {[%clk 00:53:06]} {[%emt 00:02:00]} 19. Qd5
{[%clk 01:15:54]} {[%emt 00:06:12]} Rhe8 {[%clk 00:50:47]} {[%emt 00:02:48]}
20. e3 {[%clk 01:12:36]} {[%emt 00:03:50]} h5 {[%clk 00:44:11]} {[%emt
00:07:06]} 21. Rfd1 {[%clk 01:11:51]} {[%emt 00:01:15]} Re7 {[%clk 00:39:57]}
{[%emt 00:04:43]} 22. Rc2 {[%clk 01:10:30]} {[%emt 00:01:52]} h4 {[%clk
00:33:31]} {[%emt 00:06:56]} 23. Rcd2 {[%clk 01:06:42]} {[%emt 00:04:18]} h3+
{[%clk 00:21:15]} {[%emt 00:12:45]} 24. Kg1 {[%clk 01:04:27]} {[%emt 00:02:43]}
Qg4 {[%clk 00:18:10]} {[%emt 00:03:37]} 25. Bxe5 {[%clk 01:02:58]} {[%emt
00:01:59]} Rxe5 {[%clk 00:17:43]} {[%emt 00:00:58]} 26. Qxf7 {[%clk 01:02:36]}
{[%emt 00:00:51]} Rf5 {[%clk 00:12:13]} {[%emt 00:06:00]} 27. Qc4 {[%clk
01:02:48]} {[%emt 00:00:17]} Qf3 {[%clk 00:10:47]} {[%emt 00:01:56]} 28. Qf1
{[%clk 01:03:12]} {[%emt 00:00:06]} g4 {[%clk 00:09:11]} {[%emt 00:02:06]} 29.
Rxd6 {[%clk 01:02:57]} {[%emt 00:00:46]} Rxd6 {[%clk 00:08:18]} {[%emt
00:01:23]} 30. Rxd6 {[%clk 01:02:58]} {[%emt 00:00:28]} Kc7 {[%clk 00:07:23]}
{[%emt 00:01:25]} 31. Rd4 {[%clk 01:03:12]} {[%emt 00:00:17]} Kb8 {[%clk
00:05:34]} {[%emt 00:02:18]} 32. Rd8+ {[%clk 01:02:42]} {[%emt 00:01:00]} Kc7
{[%clk 00:05:55]} {[%emt 00:00:09]} 33. Rg8 {[%clk 01:02:59]} {[%emt 00:00:12]}
Rc5 {[%clk 00:05:21]} {[%emt 00:01:04]} 34. b4 {[%clk 01:02:43]} {[%emt
00:00:47]} Rc3 {[%clk 00:04:05]} {[%emt 00:01:33]} 35. Rg5 {[%clk 01:01:27]}
{[%emt 00:01:59]} b6 {[%clk 00:02:20]} {[%emt 00:02:16]} 36. Rg6 {[%clk
01:01:10]} {[%emt 00:00:44]} Kb7 {[%clk 00:01:46]} {[%emt 00:01:06]} 37. Rg7+
{[%clk 01:01:28]} {[%emt 00:00:12]} Kb8 {[%clk 00:01:50]} {[%emt 00:00:26]} 38.
Rg8+ {[%clk 01:01:50]} {[%emt 00:00:08]} Kb7 {[%clk 00:02:09]} {[%emt
00:00:11]} 39. Rg7+ {[%clk 01:01:15]} {[%emt 00:01:05]} Kb8 {[%clk 00:02:32]}
{[%emt 00:00:07]} 1/2-1/2

[Event "ODJM B 2024"]
[Site "Willingen GER"]
[Date "2024.05.25"]
[Round "9"]
[White "Mersmann, Jasmin"]
[Black "Rose, Simeon"]
[Result "1-0"]
[Termination "normal"]
[Board "51"]
[WhiteElo "1486"]
[BlackElo "1695"]
[WhiteClock "00:55:28"]
[BlackClock "00:12:13"]
[PlyCount "57"]
[WhiteFideId "34630287"]
[BlackFideId "34625062"]
[EventCountry "GER"]
[EventRounds "9"]
[EventType "swiss"]
[EventDate "2024.05.18"]

1. e4 {[%clk 01:30:59]} e5 {[%clk 01:30:46]} {[%emt 00:00:14]} 2. Nf3 {[%clk
01:31:23]} {[%emt 00:00:05]} Nc6 {[%clk 01:31:14]} {[%emt 00:00:03]} 3. Nc3
{[%clk 01:31:44]} {[%emt 00:00:09]} Nf6 {[%clk 01:31:36]} {[%emt 00:00:08]} 4.
Bb5 {[%clk 01:32:02]} {[%emt 00:00:12]} Nd4 {[%clk 01:31:47]} {[%emt 00:00:19]}
5. Nxd4 {[%clk 01:32:13]} {[%emt 00:00:18]} exd4 {[%clk 01:32:11]} {[%emt
00:00:06]} 6. Ne2 {[%clk 01:32:32]} {[%emt 00:00:10]} c6 {[%clk 01:30:47]}
{[%emt 00:01:56]} 7. Ba4 {[%clk 01:32:46]} {[%emt 00:00:17]} Nxe4 {[%clk
01:27:58]} {[%emt 00:03:18]} 8. Nxd4 {[%clk 01:31:55]} {[%emt 00:01:20]} Bc5
{[%clk 01:27:11]} {[%emt 00:01:18]} 9. Qe2 {[%clk 01:30:38]} {[%emt 00:01:45]}
O-O {[%clk 01:25:52]} {[%emt 00:01:51]} 10. O-O {[%clk 01:29:20]} {[%emt
00:01:47]} Re8 {[%clk 01:25:02]} {[%emt 00:01:21]} 11. Qd3 {[%clk 01:26:47]}
{[%emt 00:03:00]} Qb6 {[%clk 01:19:32]} {[%emt 00:06:03]} 12. Re1 {[%clk
01:22:36]} {[%emt 00:04:41]} d5 {[%clk 01:12:41]} {[%emt 00:07:22]} 13. c3
{[%clk 01:17:57]} {[%emt 00:05:07]} Bf5 {[%clk 01:04:43]} {[%emt 00:08:29]} 14.
Qe2 {[%clk 01:15:00]} {[%emt 00:03:28]} Bxd4 {[%clk 00:53:23]} {[%emt
00:11:49]} 15. cxd4 {[%clk 01:14:20]} {[%emt 00:01:09]} Nf6 {[%clk 00:48:52]}
{[%emt 00:05:03]} 16. Qd1 {[%clk 01:12:21]} {[%emt 00:02:29]} Bg4 {[%clk
00:45:02]} {[%emt 00:04:20]} 17. f3 {[%clk 01:09:41]} {[%emt 00:03:09]} Qxd4+
{[%clk 00:41:45]} {[%emt 00:03:47]} 18. Re3 {[%clk 01:07:26]} {[%emt 00:02:44]}
b5 {[%clk 00:32:00]} {[%emt 00:10:16]} 19. Bc2 {[%clk 01:04:13]} {[%emt
00:03:43]} Bf5 {[%clk 00:30:07]} {[%emt 00:02:24]} 20. Kh1 {[%clk 01:02:51]}
{[%emt 00:01:51]} Bxc2 {[%clk 00:25:18]} {[%emt 00:05:19]} 21. Qxc2 {[%clk
01:00:14]} {[%emt 00:03:07]} Rad8 {[%clk 00:20:47]} {[%emt 00:05:02]} 22. Qc3
{[%clk 00:59:42]} {[%emt 00:01:02]} Qc4 {[%clk 00:13:29]} {[%emt 00:07:47]} 23.
Qxc4 {[%clk 00:59:34]} {[%emt 00:00:37]} dxc4 {[%clk 00:13:42]} {[%emt
00:00:18]} 24. Rxe8+ {[%clk 00:57:15]} {[%emt 00:02:48]} Rxe8 {[%clk 00:14:12]}
{[%emt 00:00:01]} 25. Kg1 {[%clk 00:56:43]} {[%emt 00:01:02]} Re1+ {[%clk
00:13:44]} {[%emt 00:00:58]} 26. Kf2 {[%clk 00:56:27]} {[%emt 00:00:42]} Rh1
{[%clk 00:13:52]} {[%emt 00:00:25]} 27. b3 {[%clk 00:55:00]} {[%emt 00:01:57]}
cxb3 {[%clk 00:13:57]} {[%emt 00:00:26]} 28. axb3 {[%clk 00:55:19]} {[%emt
00:00:11]} Kf8 {[%clk 00:12:13]} {[%emt 00:02:15]} 29. Ba3+ {[%clk 00:55:28]}
{[%emt 00:00:21]} 1-0

[Event "ODJM B 2024"]
[Site "Willingen GER"]
[Date "2024.05.25"]
[Round "9"]
[White "Göb, Franziska"]
[Black "Wellßow, Lio Keanu"]
[Result "1-0"]
[Termination "normal"]
[Board "52"]
[WhiteElo "1602"]
[BlackElo "1486"]
[WhiteClock "01:08:56"]
[BlackClock "01:35:50"]
[PlyCount "117"]
[WhiteFideId "16293177"]
[BlackFideId "16252837"]
[EventCountry "GER"]
[EventRounds "9"]
[EventType "swiss"]
[EventDate "2024.05.18"]

1. e4 {[%clk 01:30:59]} e6 {[%clk 01:30:37]} {[%emt 00:00:25]} 2. d4 {[%clk
01:31:25]} {[%emt 00:00:03]} d5 {[%clk 01:30:57]} {[%emt 00:00:09]} 3. Nd2
{[%clk 01:31:51]} {[%emt 00:00:04]} c5 {[%clk 01:30:54]} {[%emt 00:00:33]} 4.
exd5 {[%clk 01:32:14]} {[%emt 00:00:08]} exd5 {[%clk 01:31:15]} {[%emt
00:00:08]} 5. Ngf3 {[%clk 01:32:32]} {[%emt 00:00:12]} Nc6 {[%clk 01:31:14]}
{[%emt 00:00:32]} 6. Bb5 {[%clk 01:32:34]} {[%emt 00:00:28]} Bd7 {[%clk
01:31:07]} {[%emt 00:00:37]} 7. O-O {[%clk 01:28:43]} {[%emt 00:04:21]} Bd6
{[%clk 01:30:58]} {[%emt 00:00:39]} 8. dxc5 {[%clk 01:28:26]} {[%emt 00:00:47]}
Bxc5 {[%clk 01:31:07]} {[%emt 00:00:20]} 9. Nb3 {[%clk 01:26:59]} {[%emt
00:01:57]} Qb6 {[%clk 01:30:56]} {[%emt 00:00:41]} 10. Qxd5 {[%clk 01:16:18]}
{[%emt 00:11:12]} Qxb5 {[%clk 01:30:03]} {[%emt 00:01:22]} 11. Qxc5 {[%clk
01:14:38]} {[%emt 00:02:10]} Qxc5 {[%clk 01:30:24]} {[%emt 00:00:10]} 12. Nxc5
{[%clk 01:15:04]} {[%emt 00:00:04]} Nb4 {[%clk 01:30:12]} {[%emt 00:00:41]} 13.
c3 {[%clk 01:13:40]} {[%emt 00:01:54]} Nc2 {[%clk 01:29:39]} {[%emt 00:01:04]}
14. Rb1 {[%clk 01:13:05]} {[%emt 00:01:04]} Bf5 {[%clk 01:29:04]} {[%emt
00:01:04]} 15. Bf4 {[%clk 01:08:10]} {[%emt 00:05:26]} b6 {[%clk 01:29:02]}
{[%emt 00:00:32]} 16. Nb3 {[%clk 01:08:03]} {[%emt 00:00:36]} Nf6 {[%clk
01:28:59]} {[%emt 00:00:34]} 17. Rbd1 {[%clk 01:07:03]} {[%emt 00:01:30]} O-O
{[%clk 01:29:14]} {[%emt 00:00:15]} 18. Nbd4 {[%clk 01:06:25]} {[%emt
00:01:08]} Nxd4 {[%clk 01:29:08]} {[%emt 00:00:37]} 19. Nxd4 {[%clk 01:06:47]}
{[%emt 00:00:07]} Be4 {[%clk 01:29:07]} {[%emt 00:00:31]} 20. Rfe1 {[%clk
01:06:21]} {[%emt 00:00:55]} Rfe8 {[%clk 01:29:15]} {[%emt 00:00:24]} 21. f3
{[%clk 01:06:28]} {[%emt 00:00:22]} Bd5 {[%clk 01:29:32]} {[%emt 00:00:12]} 22.
b3 {[%clk 01:05:41]} {[%emt 00:01:18]} Rxe1+ {[%clk 01:29:50]} {[%emt
00:00:12]} 23. Rxe1 {[%clk 01:06:02]} {[%emt 00:00:09]} Re8 {[%clk 01:30:16]}
{[%emt 00:00:04]} 24. Rxe8+ {[%clk 01:05:49]} {[%emt 00:00:43]} Nxe8 {[%clk
01:30:38]} {[%emt 00:00:08]} 25. c4 {[%clk 01:06:05]} {[%emt 00:00:14]} Bb7
{[%clk 01:31:04]} {[%emt 00:00:04]} 26. Bb8 {[%clk 01:06:03]} {[%emt 00:00:32]}
a6 {[%clk 01:31:21]} {[%emt 00:00:13]} 27. Ba7 {[%clk 01:06:09]} {[%emt
00:00:23]} b5 {[%clk 01:30:43]} {[%emt 00:01:10]} 28. cxb5 {[%clk 01:06:18]}
{[%emt 00:00:21]} axb5 {[%clk 01:31:07]} {[%emt 00:00:05]} 29. Nxb5 {[%clk
01:06:43]} {[%emt 00:00:05]} Ba6 {[%clk 01:31:29]} {[%emt 00:00:08]} 30. Nc3
{[%clk 01:06:01]} {[%emt 00:01:11]} Nd6 {[%clk 01:31:38]} {[%emt 00:00:21]} 31.
Bc5 {[%clk 01:05:19]} {[%emt 00:01:13]} Nb5 {[%clk 01:31:58]} {[%emt 00:00:10]}
32. Nxb5 {[%clk 01:05:29]} {[%emt 00:00:20]} Bxb5 {[%clk 01:32:22]} {[%emt
00:00:06]} 33. Kf2 {[%clk 01:05:44]} {[%emt 00:00:14]} f6 {[%clk 01:32:35]}
{[%emt 00:00:17]} 34. Ke3 {[%clk 01:06:07]} {[%emt 00:00:07]} Kf7 {[%clk
01:32:47]} {[%emt 00:00:19]} 35. Kd4 {[%clk 01:06:18]} {[%emt 00:00:19]} Ke6
{[%clk 01:33:05]} {[%emt 00:00:12]} 36. a4 {[%clk 01:06:33]} {[%emt 00:00:15]}
Ba6 {[%clk 01:33:13]} {[%emt 00:00:22]} 37. b4 {[%clk 01:06:53]} {[%emt
00:00:10]} Kd7 {[%clk 01:33:16]} {[%emt 00:00:26]} 38. b5 {[%clk 01:07:13]}
{[%emt 00:00:10]} Bb7 {[%clk 01:33:37]} {[%emt 00:00:10]} 39. a5 {[%clk
01:07:34]} {[%emt 00:00:09]} Kc7 {[%clk 01:33:43]} {[%emt 00:00:24]} 40. Bb6+
{[%clk 01:07:40]} {[%emt 00:00:24]} Kb8 {[%clk 01:33:31]} {[%emt 00:00:42]} 41.
Kc5 {[%clk 01:05:53]} {[%emt 00:02:16]} f5 {[%clk 01:33:27]} {[%emt 00:00:34]}
42. Kd6 {[%clk 01:06:10]} {[%emt 00:00:13]} g5 {[%clk 01:33:39]} {[%emt
00:00:19]} 43. Ke5 {[%clk 01:05:57]} {[%emt 00:00:43]} Bc8 {[%clk 01:33:57]}
{[%emt 00:00:12]} 44. a6 {[%clk 01:05:39]} {[%emt 00:00:47]} h5 {[%clk
01:34:08]} {[%emt 00:00:19]} 45. a7+ {[%clk 01:05:03]} {[%emt 00:01:07]} Kb7
{[%clk 01:34:27]} {[%emt 00:00:11]} 46. Bf2 {[%clk 01:05:21]} {[%emt 00:00:11]}
h4 {[%clk 01:34:22]} {[%emt 00:00:36]} 47. b6 {[%clk 01:05:34]} {[%emt
00:00:18]} h3 {[%clk 01:34:07]} {[%emt 00:00:44]} 48. gxh3 {[%clk 01:05:50]}
{[%emt 00:00:14]} g4 {[%clk 01:33:59]} {[%emt 00:00:38]} 49. hxg4 {[%clk
01:06:09]} {[%emt 00:00:10]} fxg4 {[%clk 01:34:21]} {[%emt 00:00:08]} 50. f4
{[%clk 01:06:01]} {[%emt 00:00:39]} g3 {[%clk 01:34:46]} {[%emt 00:00:06]} 51.
hxg3 {[%clk 01:06:24]} {[%emt 00:00:07]} Bg4 {[%clk 01:33:48]} {[%emt
00:01:27]} 52. f5 {[%clk 01:06:43]} {[%emt 00:00:11]} Bxf5 {[%clk 01:34:09]}
{[%emt 00:00:10]} 53. Kxf5 {[%clk 01:07:08]} {[%emt 00:00:04]} Kc6 {[%clk
01:34:17]} {[%emt 00:00:22]} 54. a8=Q+ {[%emt 00:00:09]} Kd7 {[%clk 01:34:35]}
{[%emt 00:00:11]} 55. Qd5+ {[%clk 01:07:49]} {[%emt 00:00:11]} Ke7 {[%clk
01:34:51]} {[%emt 00:00:14]} 56. Bc5+ {[%clk 01:08:11]} {[%emt 00:00:07]} Ke8
{[%clk 01:35:13]} {[%emt 00:00:09]} 57. Qe5+ {[%clk 01:08:21]} {[%emt
00:00:20]} Kf7 {[%clk 01:35:30]} {[%emt 00:00:13]} 58. Qe7+ {[%clk 01:08:44]}
{[%emt 00:00:07]} Kg8 {[%clk 01:35:50]} {[%emt 00:00:10]} 59. Kg6 {[%clk
01:08:56]} {[%emt 00:00:18]} 1-0

[Event "ODJM B 2024"]
[Site "Willingen GER"]
[Date "2024.05.25"]
[Round "9"]
[White "Päpke, Aaron"]
[Black "Tarasenko, Ruslan"]
[Result "0-1"]
[Termination "normal"]
[Board "54"]
[WhiteElo "1322"]
[BlackElo "1525"]
[WhiteClock "01:12:46"]
[BlackClock "00:53:04"]
[PlyCount "48"]
[WhiteFideId "34684930"]
[BlackFideId "34166343"]
[EventCountry "GER"]
[EventRounds "9"]
[EventType "swiss"]
[EventDate "2024.05.18"]

1. c4 {[%clk 01:30:57]} {[%emt 00:00:02]} Nf6 {[%clk 01:30:32]} {[%emt
00:00:29]} 2. g3 {[%clk 01:31:21]} {[%emt 00:00:06]} c5 {[%clk 01:30:41]}
{[%emt 00:00:21]} 3. Bg2 {[%clk 01:31:36]} {[%emt 00:00:15]} d5 {[%clk
01:30:45]} {[%emt 00:00:26]} 4. cxd5 {[%clk 01:30:57]} {[%emt 00:01:09]} Nxd5
{[%clk 01:31:00]} {[%emt 00:00:15]} 5. Nc3 {[%clk 01:31:21]} {[%emt 00:00:05]}
Nc7 {[%clk 01:31:21]} {[%emt 00:00:10]} 6. e3 {[%clk 01:31:11]} {[%emt
00:00:40]} e5 {[%clk 01:31:18]} {[%emt 00:00:33]} 7. Nge2 {[%clk 01:31:07]}
{[%emt 00:00:34]} Nc6 {[%clk 01:30:35]} {[%emt 00:01:12]} 8. O-O {[%clk
01:29:46]} {[%emt 00:01:51]} f6 {[%clk 01:27:41]} {[%emt 00:03:25]} 9. f4
{[%clk 01:27:07]} {[%emt 00:03:08]} exf4 {[%clk 01:22:01]} {[%emt 00:06:11]}
10. Nxf4 {[%clk 01:27:28]} {[%emt 00:00:08]} Ne5 {[%clk 01:13:05]} {[%emt
00:09:26]} 11. d4 {[%clk 01:22:21]} {[%emt 00:05:37]} Bg4 {[%clk 01:08:40]}
{[%emt 00:04:55]} 12. Nce2 {[%emt 00:05:30]} Nc6 {[%clk 01:05:49]} 13. b3
{[%clk 01:16:48]} {[%emt 00:04:24]} g5 {[%clk 01:00:27]} {[%emt 00:05:52]} 14.
Nh3 {[%clk 01:16:15]} {[%emt 00:01:03]} cxd4 {[%clk 01:00:33]} {[%emt
00:00:24]} 15. Bxc6+ {[%clk 01:14:08]} {[%emt 00:02:36]} bxc6 {[%clk 01:00:45]}
{[%emt 00:00:19]} 16. Bb2 {[%clk 01:14:15]} {[%emt 00:00:23]} Bxh3 {[%clk
01:00:50]} {[%emt 00:00:25]} 17. Bxd4 {[%clk 01:14:27]} {[%emt 00:00:18]} Bxf1
18. Qxf1 {[%clk 01:14:51]} Bg7 {[%clk 00:59:54]} {[%emt 00:00:38]} 19. Rd1
{[%clk 01:14:49]} {[%emt 00:00:33]} Qe7 {[%clk 00:58:31]} {[%emt 00:01:52]} 20.
Qf3 {[%clk 01:14:47]} {[%emt 00:00:32]} O-O {[%clk 00:54:13]} {[%emt 00:04:49]}
21. Qxc6 {[%clk 01:15:10]} {[%emt 00:00:06]} Rac8 {[%clk 00:54:35]} {[%emt
00:00:08]} 22. Bc5 {[%clk 01:15:21]} {[%emt 00:00:19]} Qe8 {[%clk 00:53:38]}
{[%emt 00:01:27]} 23. Qb7 {[%clk 01:12:39]} {[%emt 00:03:12]} Rf7 {[%clk
00:52:42]} {[%emt 00:01:26]} 24. Bxa7 {[%clk 01:12:46]} {[%emt 00:00:24]} Nb5
{[%clk 00:53:04]} {[%emt 00:00:08]} 0-1

[Event "ODJM B 2024"]
[Site "Willingen GER"]
[Date "2024.05.25"]
[Round "9"]
[White "Klemm, Julian"]
[Black "Rabus, Johann"]
[Result "1/2-1/2"]
[Termination "normal"]
[Board "55"]
[WhiteElo "1408"]
[BlackElo "1597"]
[WhiteClock "00:39:19"]
[BlackClock "00:35:56"]
[PlyCount "61"]
[WhiteFideId "533001901"]
[BlackFideId "34602950"]
[EventCountry "GER"]
[EventRounds "9"]
[EventType "swiss"]
[EventDate "2024.05.18"]

1. e4 {[%clk 01:30:46]} {[%emt 00:00:13]} c6 {[%clk 01:30:56]} {[%emt
00:00:04]} 2. d4 {[%clk 01:31:07]} {[%emt 00:00:09]} d5 {[%clk 01:31:22]}
{[%emt 00:00:05]} 3. Nc3 {[%clk 01:31:24]} {[%emt 00:00:12]} dxe4 {[%clk
01:31:43]} {[%emt 00:00:08]} 4. Nxe4 {[%clk 01:31:47]} {[%emt 00:00:08]} Bf5
{[%clk 01:32:02]} {[%emt 00:00:11]} 5. Ng3 {[%clk 01:32:08]} {[%emt 00:00:08]}
Bg6 {[%clk 01:32:24]} {[%emt 00:00:09]} 6. h4 {[%clk 01:32:21]} {[%emt
00:00:17]} h6 {[%clk 01:32:49]} {[%emt 00:00:05]} 7. Nf3 {[%clk 01:32:32]}
{[%emt 00:00:19]} Nd7 {[%clk 01:33:09]} {[%emt 00:00:10]} 8. h5 {[%clk
01:32:43]} {[%emt 00:00:19]} Bh7 {[%clk 01:33:33]} {[%emt 00:00:06]} 9. Bd3
{[%clk 01:32:59]} {[%emt 00:00:14]} Bxd3 {[%clk 01:33:55]} {[%emt 00:00:07]}
10. Qxd3 {[%clk 01:33:26]} {[%emt 00:00:04]} e6 {[%clk 01:34:15]} {[%emt
00:00:10]} 11. Bf4 {[%clk 01:33:20]} {[%emt 00:00:36]} Qa5+ {[%clk 01:34:10]}
{[%emt 00:00:35]} 12. Bd2 {[%clk 01:33:41]} {[%emt 00:00:09]} Bb4 {[%clk
01:34:30]} {[%emt 00:00:10]} 13. a3 {[%clk 01:30:23]} {[%emt 00:03:49]} Bxd2+
{[%clk 01:31:36]} {[%emt 00:03:23]} 14. Qxd2 {[%clk 01:30:09]} {[%emt
00:00:45]} Qxd2+ {[%clk 01:29:00]} {[%emt 00:03:05]} 15. Nxd2 {[%clk 01:30:26]}
{[%emt 00:00:12]} Ngf6 {[%clk 01:25:10]} {[%emt 00:04:20]} 16. O-O-O {[%clk
01:29:04]} {[%emt 00:01:54]} O-O-O {[%clk 01:22:24]} {[%emt 00:03:15]} 17. Nf3
{[%clk 01:24:31]} {[%emt 00:05:02]} Nb6 {[%clk 01:19:59]} {[%emt 00:02:55]} 18.
Ne5 {[%clk 01:22:56]} {[%emt 00:02:05]} Rhf8 {[%clk 01:16:21]} {[%emt
00:04:09]} 19. Rhe1 {[%clk 01:13:19]} {[%emt 00:10:08]} Nbd5 {[%clk 01:10:32]}
{[%emt 00:06:18]} 20. c4 {[%clk 01:04:13]} {[%emt 00:09:36]} Nf4 {[%clk
01:09:38]} {[%emt 00:01:24]} 21. Rh1 {[%clk 01:01:34]} {[%emt 00:03:09]} Nd7
{[%clk 01:01:02]} {[%emt 00:09:06]} 22. Nxd7 {[%clk 01:00:31]} {[%emt
00:01:32]} Rxd7 {[%clk 01:01:18]} {[%emt 00:00:14]} 23. Rh4 {[%clk 00:59:42]}
{[%emt 00:01:19]} Nxg2 {[%clk 01:00:26]} {[%emt 00:01:22]} 24. Rh2 {[%clk
00:55:50]} {[%emt 00:04:22]} Nf4 {[%clk 00:58:55]} {[%emt 00:02:01]} 25. Rh4
{[%clk 00:56:06]} {[%emt 00:00:14]} g5 {[%clk 00:42:42]} {[%emt 00:16:43]} 26.
hxg6 {[%clk 00:51:40]} {[%emt 00:04:57]} Nxg6 {[%clk 00:42:55]} {[%emt
00:00:17]} 27. Re4 {[%clk 00:46:15]} {[%emt 00:05:55]} Rfd8 {[%clk 00:42:19]}
{[%emt 00:01:06]} 28. f4 {[%clk 00:43:54]} {[%emt 00:02:51]} c5 {[%clk
00:37:37]} {[%emt 00:05:11]} 29. f5 {[%clk 00:38:59]} {[%emt 00:05:25]} exf5
{[%clk 00:35:32]} {[%emt 00:02:35]} 30. Nxf5 {[%clk 00:39:19]} {[%emt
00:00:10]} cxd4 {[%clk 00:35:56]} {[%emt 00:00:07]} 31. Nxh6 {[%emt 00:22:06]}
1/2-1/2